Programa : desarrollo de nuevas áreas de riego en nordpatagonia.

Guardado en:
Autor Corporativo: Consejo Federal de Inversiones (Argentina)
Formato: Libro
Idioma:Spanish
Publicado: Buenos Aires : CFI, 1985.
Acceso en línea:Texto completo
Etiquetas: Agregar Etiqueta
Sin Etiquetas, Sea el primero en etiquetar este registro!
LEADER 00598nam a22001575a 4500
001 EEA.libagro003975
005 20190429114605.0
008 130809s1985####ag#a##########000#0#spa#d
082 0 4 |a 333.913 
110 2 |a Consejo Federal de Inversiones (Argentina) 
245 1 0 |a Programa :  |b desarrollo de nuevas áreas de riego en nordpatagonia. 
260 |a Buenos Aires :  |b CFI,  |c 1985. 
300 |a 30 p. :  |b il. ;  |c 30 cm. 
530 |a Disponible también en línea. 
856 |u https://s3-sa-east-1.amazonaws.com/cfi-biblioteca/root/31080.pdf  |3 Texto completo 
859 |a AR-BbBCA  |b BIB. AGRONOMIA  |h 333.913  |i A691  |p 1988/1213